[Event "4NCL/Div2b/CELT1 vs. CHEDP"]
[Site "Hinckley Island ENG"]
[Date "2008.12.06"]
[Round "3.6"]
[White "Bennett, Patrick"]
[Black "Mueller, Jan"]
[Result "0-1"]
[WhiteElo "2101"]
[BlackElo "2081"]
[PlyCount "76"]
[EventDate "2008.12.06"]
[SourceDate "2008.10.04"]

1. d4 d5 2. Nf3 Nc6 3. g3 Bg4 4. Bg2 e6 5. O-O Nf6 6. b3 Be7 7. Bb2 O-O 8. Nbd2
Rc8 9. c4 Bf5 10. a3 Ne4 11. Rc1 Bf6 12. Ne5 Nxe5 13. dxe5 Be7 14. Nxe4 dxe4
15. b4 c5 16. b5 Qc7 17. Qb3 Bg5 18. Rcd1 Rcd8 19. f4 exf3 20. exf3 Bd2 21. Bc3
Bxc3 22. Qxc3 Rxd1 23. Rxd1 Rd8 24. Rxd8+ Qxd8 25. Kf2 Qd1 26. Bf1 b6 27. g4
Bg6 28. h4 h6 29. h5 Bb1 30. Be2 Qd8 31. Ke3 Kf8 32. Bd3 Bxd3 33. Qxd3 Qc7 34.
f4 f6 35. exf6 gxf6 36. Qe4 Qe7 37. Qg6 Qg7 38. Qxg7+ Kxg7 0-1

[Event "4NCL/Div2b/CELT1 vs. CHEDP"]
[Site "Hinckley Island ENG"]
[Date "2008.12.06"]
[Round "3.7"]
[White "Josse, Mark"]
[Black "Siddall, Phillip L"]
[Result "1-0"]
[WhiteElo "2010"]
[BlackElo "2160"]
[PlyCount "37"]
[EventDate "2008.12.06"]
[SourceDate "2008.10.04"]

1. e4 d5 2. exd5 Nf6 3. Bb5+ Bd7 4. Be2 Bf5 5. d4 Nxd5 6. Nf3 e6 7. O-O Be7 8.
h3 O-O 9. a3 Nd7 10. c4 N5f6 11. Nc3 c5 12. Bf4 cxd4 13. Qxd4 Nc5 14. Rad1 a6
15. Qe3 Qc8 16. b4 Nce4 17. Na4 Nd7 18. Bd3 Qc6 19. Nd4 1-0

[Event "4NCL/Div2b/CELT1 vs. CHEDP"]
[Site "Hinckley Island ENG"]
[Date "2008.12.06"]
[Round "3.8"]
[White "Adams, Thomas J"]
[Black "Owens, Megan"]
[Result "0-1"]
[WhiteElo "1665"]
[BlackElo "1783"]
[PlyCount "74"]
[EventDate "2008.12.06"]
[SourceDate "2008.10.04"]

1. e4 c5 2. Nf3 a6 3. d4 cxd4 4. Nxd4 e5 5. Nf3 Nf6 6. Nxe5 Qa5+ 7. Nc3 Qxe5 8.
Bd3 Bb4 9. O-O Bxc3 10. bxc3 d6 11. f4 Qxc3 12. Rb1 Nc6 13. Bb2 Qc5+ 14. Kh1
Ng4 15. Qe2 Nd4 16. Bxd4 Qxd4 17. Rbd1 Qe3 18. Rf3 Qxe2 19. Bxe2 Ke7 20. h3 Nf6
21. e5 dxe5 22. fxe5 Ne4 23. Bd3 Nc3 24. Rdf1 Be6 25. Bxh7 Rxh7 26. Rxc3 Rc8
27. Rxc8 Bxc8 28. Rb1 Rh5 29. Re1 Ke6 30. Kg1 Rxe5 31. Kf2 Rxe1 32. Kxe1 Ke5
33. Ke2 Bf5 34. c3 Ke4 35. g4 Be6 36. a3 g5 37. Kf2 Kd3 0-1

[Event "4NCL/Div2b/GUI3 vs. WWKS1"]
[Site "Hinckley Island ENG"]
[Date "2008.12.06"]
[Round "3.1"]
[White "Muir, Andrew J"]
[Black "Mason, Don"]
[Result "1/2-1/2"]
[WhiteElo "2359"]
[BlackElo "2245"]
[PlyCount "58"]
[EventDate "2008.12.06"]
[SourceDate "2008.10.04"]

1. d4 d5 2. c4 c6 3. Nc3 Nf6 4. Nf3 e6 5. Bg5 dxc4 6. e4 b5 7. e5 h6 8. Bh4 g5
9. Nxg5 hxg5 10. Bxg5 Nbd7 11. g3 Rg8 12. h4 Rxg5 13. hxg5 Nd5 14. g6 fxg6 15.
Qg4 Qe7 16. Bg2 Kd8 17. Qxg6 Qb4 18. O-O N7b6 19. Ne4 Bd7 20. Ng5 Kc7 21. Bh3
Be7 22. Bxe6 Bxg5 23. Bxd7 Nxd7 24. Qxg5 Qxb2 25. e6 N7f6 26. Qe5+ Kb7 27. a4
b4 28. a5 a6 29. Rac1 c3 1/2-1/2

[Event "4NCL/Div2b/GUI3 vs. WWKS1"]
[Site "Hinckley Island ENG"]
[Date "2008.12.06"]
[Round "3.2"]
[White "Hynes, Anthony"]
[Black "Povah, Nigel E"]
[Result "0-1"]
[WhiteElo "2250"]
[BlackElo "2311"]
[PlyCount "48"]
[EventDate "2008.12.06"]
[SourceDate "2008.10.04"]

1. e4 d5 2. e5 c5 3. f4 Bf5 4. Nf3 e6 5. d3 Nc6 6. g3 h5 7. Bg2 h4 8. Nxh4 Rxh4
9. gxh4 Qxh4+ 10. Kf1 Nd4 11. Nc3 c4 12. dxc4 Nxc2 13. Ne4 dxe4 14. Qxc2 Bc5
15. Qa4+ Kf8 16. Be3 Bxe3 17. Qa3+ Ne7 18. Qxe3 Rd8 19. Qg3 Qh5 20. Ke1 Rd3 21.
Qf2 Nc6 22. Bf1 e3 23. Qg2 Nd4 24. Bxd3 Bxd3 0-1

[Event "4NCL/Div2b/GUI3 vs. WWKS1"]
[Site "Hinckley Island ENG"]
[Date "2008.12.06"]
[Round "3.3"]
[White "Cooksey, Paul S"]
[Black "Thomas, Nicholas"]
[Result "1/2-1/2"]
[WhiteElo "2304"]
[BlackElo "2309"]
[PlyCount "54"]
[EventDate "2008.12.06"]
[SourceDate "2008.10.04"]

1. d4 Nf6 2. Bg5 e6 3. Nd2 h6 4. Bh4 c5 5. e3 cxd4 6. exd4 Be7 7. Ngf3 b6 8.
Bd3 Bb7 9. O-O O-O 10. Re1 Nc6 11. c3 Nd5 12. Bxe7 Ncxe7 13. Bf1 Nf6 14. a4 a6
15. Qb3 d6 16. Qa3 Qc7 17. Rec1 a5 18. Ne1 Rfd8 19. Nc2 Ne4 20. Nc4 Nd5 21. Re1
Ng5 22. h4 Nh7 23. Qb3 Nhf6 24. N2a3 Qc6 25. Qb5 Qc7 26. Qb3 Qc6 27. Qb5 Qc7
1/2-1/2

[Event "4NCL/Div2b/GUI3 vs. WWKS1"]
[Site "Hinckley Island ENG"]
[Date "2008.12.06"]
[Round "3.4"]
[White "Ingram, Keith (reserve)"]
[Black "Thompson, Ian D"]
[Result "0-1"]
[WhiteElo "2070"]
[BlackElo "2272"]
[PlyCount "82"]
[EventDate "2008.12.06"]
[SourceDate "2008.10.04"]

1. e4 e6 2. d4 d5 3. Nc3 Bb4 4. e5 Ne7 5. a3 Bxc3+ 6. bxc3 c5 7. Nf3 Qa5 8. Bd2
Nbc6 9. Bd3 Bd7 10. O-O c4 11. Be2 f6 12. Re1 fxe5 13. Nxe5 Nxe5 14. dxe5 O-O
15. Bg5 Qd8 16. Bg4 h6 17. Be3 b6 18. f4 Kh7 19. Bh3 Qe8 20. Qg4 Nf5 21. Bf2
Qf7 22. g3 Qe7 23. Qe2 Be8 24. Bg4 g5 25. fxg5 Qxg5 26. Rf1 Bg6 27. h4 Qe7 28.
h5 Be8 29. Bxf5+ Rxf5 30. g4 Bxh5 31. Bg3 Rg8 32. Rxf5 exf5 33. Qh2 Rxg4 34.
Kf1 Qg5 35. Bf2 Re4 36. Bd4 Re2 37. Qxe2 Bxe2+ 38. Kxe2 Qg2+ 39. Ke3 Kg6 40. a4
Kg5 41. a5 f4# 0-1

[Event "4NCL/Div2b/GUI3 vs. WWKS1"]
[Site "Hinckley Island ENG"]
[Date "2008.12.06"]
[Round "3.5"]
[White "Granat, Russell G"]
[Black "Shephard, Chris C W"]
[Result "1-0"]
[WhiteElo "2264"]
[BlackElo "2220"]
[PlyCount "85"]
[EventDate "2008.12.06"]
[SourceDate "2008.10.04"]

1. e4 c6 2. d4 g6 3. c4 Bg7 4. Nc3 d6 5. Be3 Nf6 6. h3 O-O 7. Bd3 e5 8. Nge2
Nbd7 9. d5 a6 10. a4 a5 11. g4 Nc5 12. Ng3 Nxd3+ 13. Qxd3 cxd5 14. exd5 Ne8 15.
g5 f5 16. f4 Nc7 17. O-O Na6 18. h4 Nc5 19. Bxc5 dxc5 20. Nge2 e4 21. Qd2 Bd7
22. Rad1 Qb6 23. d6 Rad8 24. Nb5 Rf7 25. Nec3 Bxb5 26. Nxb5 Bd4+ 27. Nxd4 Rxd6
28. Nxf5 Rxd2 29. Nh6+ Kg7 30. Rxd2 Qb4 31. Rd8 Rf8 32. Rd7+ Kh8 33. f5 gxf5
34. h5 Qb3 35. Kg2 Qe3 36. Rxf5 Qe2+ 37. Kg3 Qe3+ 38. Kg4 Qe2+ 39. Kf4 Qf3+ 40.
Ke5 Rxf5+ 41. Nxf5 Kg8 42. Ke6 h6 43. Rd8+ 1-0

[Event "4NCL/Div2b/GUI3 vs. WWKS1"]
[Site "Hinckley Island ENG"]
[Date "2008.12.06"]
[Round "3.6"]
[White "Baruch, Andrew J D"]
[Black "Thorarinsonn, Pall"]
[Result "0-1"]
[WhiteElo "2085"]
[BlackElo "2245"]
[PlyCount "92"]
[EventDate "2008.12.06"]
[SourceDate "2008.10.04"]

1. g3 c5 2. c4 Nf6 3. Bg2 Nc6 4. e4 d6 5. Ne2 g6 6. Nbc3 Bg7 7. d3 Bg4 8. f3
Bd7 9. Be3 O-O 10. O-O Rb8 11. Rc1 a6 12. d4 cxd4 13. Nxd4 b5 14. Nxc6 Bxc6 15.
c5 b4 16. Ne2 dxc5 17. Bxc5 Bb5 18. Rf2 Nd7 19. Bd4 Ne5 20. Bxe5 Bxe5 21. b3
Qb6 22. Qd5 Bb2 23. Rc2 Rfd8 24. Qg5 Rd1+ 25. Bf1 Bxe2 26. Rcxe2 Bd4 27. Kg2
Bxf2 28. Rxf2 Qd6 29. Qa5 Qd4 30. Qxa6 Rd2 31. Re2 Rd8 32. a3 bxa3 33. Qxa3 Qe3
34. Qa6 R8d3 35. Qa8+ Kg7 36. Qa1+ f6 37. Qe1 Qxf3+ 38. Kg1 Rxe2 39. Qxe2 Qxe2
40. Bxe2 Rxb3 41. Kf2 e5 42. h4 h5 43. g4 Rh3 44. gxh5 Rxh4 45. Bf3 gxh5 46.
Kg3 Rf4 0-1

[Event "4NCL/Div2b/GUI3 vs. WWKS1"]
[Site "Hinckley Island ENG"]
[Date "2008.12.06"]
[Round "3.7"]
[White "Anderton, Matthew N"]
[Black "Fishburne, Stewart K"]
[Result "1-0"]
[WhiteElo "2232"]
[BlackElo "2128"]
[PlyCount "67"]
[EventDate "2008.12.06"]
[SourceDate "2008.10.04"]

1. e4 g6 2. d4 Bg7 3. Nc3 d6 4. Nf3 Nf6 5. Be3 c6 6. Qd2 b5 7. Bd3 Nbd7 8. Bh6
Bxh6 9. Qxh6 e5 10. dxe5 dxe5 11. h3 Qe7 12. a3 Bb7 13. O-O Nh5 14. Ne2 f6 15.
b4 Qg7 16. Qe3 g5 17. a4 bxa4 18. Rxa4 g4 19. Nh4 gxh3 20. Qxh3 Nb6 21. Nf5 Qg5
22. Ra5 Bc8 23. Qxh5+ Qxh5 24. Ng7+ Kf7 25. Nxh5 Kg6 26. Nhg3 h5 27. f4 h4 28.
Nf5 Bxf5 29. exf5+ Kf7 30. Rfa1 Nc8 31. fxe5 fxe5 32. Rxe5 Ne7 33. Bc4+ Kf8 34.
Nf4 1-0

[Event "4NCL/Div2b/GUI3 vs. WWKS1"]
[Site "Hinckley Island ENG"]
[Date "2008.12.06"]
[Round "3.8"]
[White "Clarke, Brandon"]
[Black "Quinn, Joseph"]
[Result "1-0"]
[WhiteElo "1990"]
[BlackElo "1846"]
[PlyCount "75"]
[EventDate "2008.12.06"]
[SourceDate "2008.10.04"]

1. e4 e5 2. Nf3 Nc6 3. d4 exd4 4. Bc4 Nf6 5. O-O Nxe4 6. Re1 d5 7. Bxd5 Qxd5 8.
Nc3 Qh5 9. Nxe4 Be6 10. Bg5 h6 11. Bf6 Qg6 12. Nh4 Qg4 13. Nd6+ Kd7 14. Qxg4
Bxg4 15. Nxf7 Rg8 16. Bxd4 g5 17. Nf3 Bxf3 18. gxf3 Nxd4 19. Rad1 Bg7 20. c3
Rgf8 21. Ne5+ Bxe5 22. Rxe5 Kd6 23. Re4 c5 24. Kg2 Rad8 25. cxd4 Rfe8 26. dxc5+
Kxc5 27. Rxd8 Rxd8 28. Re7 Kc6 29. Re6+ Rd6 30. Rxd6+ Kxd6 31. Kg3 Ke5 32. Kg4
b5 33. Kh5 Kf5 34. Kxh6 b4 35. a3 bxa3 36. bxa3 g4 37. fxg4+ Kxg4 38. Kg6 1-0

[Event "4NCL/Div2b/WES1 vs. KHE"]
[Site "Hinckley Island ENG"]
[Date "2008.12.07"]
[Round "4.1"]
[White "Lock, Gavin R"]
[Black "Kwiatkowski, Feliks J"]
[Result "1/2-1/2"]
[WhiteElo "2252"]
[BlackElo "2219"]
[PlyCount "32"]
[EventDate "2008.12.07"]
[SourceDate "2008.10.04"]

1. d4 Nf6 2. Nf3 e6 3. Bg5 h6 4. Bh4 c5 5. c3 b6 6. e3 Bb7 7. Nbd2 cxd4 8. cxd4
Be7 9. a3 O-O 10. Bd3 d5 11. O-O Ne4 12. Bxe7 Qxe7 13. Ne5 Nd7 14. Ndf3 Ndf6
15. Rc1 Rfc8 16. Qe2 Rc7 1/2-1/2

[Event "4NCL/Div2b/WES1 vs. KHE"]
[Site "Hinckley Island ENG"]
[Date "2008.12.07"]
[Round "4.2"]
[White "McMichael, Richard"]
[Black "Simons, Martin J"]
[Result "1-0"]
[WhiteElo "2262"]
[BlackElo "2237"]
[PlyCount "73"]
[EventDate "2008.12.07"]
[SourceDate "2008.10.04"]

1. b3 Nc6 2. Bb2 e5 3. e3 d6 4. Nf3 g6 5. d4 Bg7 6. Be2 Nf6 7. c4 O-O 8. Nc3
Qe7 9. h3 a5 10. a3 h5 11. Qd2 exd4 12. Nxd4 Nxd4 13. Qxd4 Qe5 14. Qxe5 dxe5
15. Nb5 Ne8 16. O-O-O c6 17. Nd6 Nxd6 18. Rxd6 Be6 19. Rhd1 Rfc8 20. f4 Bf8 21.
fxe5 Bxd6 22. exd6 b5 23. Bf6 Ra7 24. Kb2 bxc4 25. Bxc4 Rd7 26. e4 Bxc4 27.
bxc4 Kf8 28. g4 hxg4 29. hxg4 Ke8 30. Kc3 Rb7 31. Kd4 Kd7 32. e5 Rb3 33. Kc5 a4
34. e6+ fxe6 35. Rh1 Rd3 36. Rh7+ Ke8 37. g5 1-0

[Event "4NCL/Div2b/WES1 vs. KHE"]
[Site "Hinckley Island ENG"]
[Date "2008.12.07"]
[Round "4.3"]
[White "Yeo, Michael J"]
[Black "Thomas, Richard H"]
[Result "1/2-1/2"]
[WhiteElo "2103"]
[BlackElo "2189"]
[PlyCount "80"]
[EventDate "2008.12.07"]
[SourceDate "2008.10.04"]

1. e4 e6 2. d4 d5 3. Nc3 dxe4 4. Nxe4 Bd7 5. Nf3 Bc6 6. Bd3 Bxe4 7. Bxe4 c6 8.
c3 Nf6 9. Bc2 Nbd7 10. O-O Bd6 11. Re1 Qc7 12. c4 O-O 13. Bg5 Rfe8 14. c5 Bf8
15. Ne5 Nxe5 16. Rxe5 Nd7 17. Re4 g6 18. Qf3 Bg7 19. Rae1 Nf8 20. Bf4 Qd7 21.
Bd6 h5 22. g4 hxg4 23. Rxg4 Nh7 24. h4 Nf6 25. Rg5 Qd8 26. Kg2 Qa5 27. Re2 Qxa2
28. Bb3 Qb1 29. h5 Nxh5 30. Bc2 Qa2 31. b3 Qa1 32. Rxh5 gxh5 33. Qxh5 f5 34.
Bxf5 exf5 35. Rxe8+ Rxe8 36. Qxe8+ Kh7 37. Qh5+ Kg8 38. Qe8+ Kh7 39. Qh5+ Kg8
40. Qxf5 Qxd4 1/2-1/2

[Event "4NCL/Div2b/WES1 vs. KHE"]
[Site "Hinckley Island ENG"]
[Date "2008.12.07"]
[Round "4.4"]
[White "Ward, Julian T"]
[Black "Rutter, Nicholas"]
[Result "1/2-1/2"]
[WhiteElo "2190"]
[BlackElo "2177"]
[PlyCount "54"]
[EventDate "2008.12.07"]
[SourceDate "2008.10.04"]

1. Nf3 Nf6 2. g3 e6 3. Bg2 a6 4. O-O c5 5. c4 b5 6. d4 Bb7 7. cxb5 axb5 8. dxc5
Bxc5 9. Qc2 Qb6 10. Ne5 Bxg2 11. Kxg2 Qb7+ 12. Nf3 Na6 13. Nbd2 O-O 14. Nb3 Ba7
15. Bd2 Rfc8 16. Qd1 Nc5 17. Nxc5 Rxc5 18. Qb3 Rd5 19. Bb4 Ne4 20. Kg1 h5 21.
Rad1 Rxd1 22. Qxd1 Rc8 23. e3 Rc4 24. a3 Qc7 25. Qd3 Nc5 26. Bxc5 Rxc5 27. Rd1
Rd5 1/2-1/2

[Event "4NCL/Div2b/WES1 vs. KHE"]
[Site "Hinckley Island ENG"]
[Date "2008.12.07"]
[Round "4.5"]
[White "Neil, David R"]
[Black "Mackenzie, Colin"]
[Result "1/2-1/2"]
[WhiteElo "2165"]
[BlackElo "2112"]
[PlyCount "24"]
[EventDate "2008.12.07"]
[SourceDate "2008.10.04"]

1. Nf3 e6 2. g3 Nf6 3. Bg2 Be7 4. c4 O-O 5. O-O c5 6. Nc3 Nc6 7. d4 cxd4 8.
Nxd4 a6 9. e4 d6 10. Be3 Qa5 11. Qe2 Bd7 12. Rfc1 Nxd4 1/2-1/2

[Event "4NCL/Div2b/WES1 vs. KHE"]
[Site "Hinckley Island ENG"]
[Date "2008.12.07"]
[Round "4.6"]
[White "Forbes, Cathy"]
[Black "Jenks, Bruce"]
[Result "1-0"]
[WhiteElo "2098"]
[BlackElo "2145"]
[PlyCount "97"]
[EventDate "2008.12.07"]
[SourceDate "2008.10.04"]

1. d4 Nf6 2. Nf3 c5 3. c3 b6 4. Bg5 Ne4 5. h4 Bb7 6. Nbd2 h6 7. Bf4 e6 8. Nxe4
Bxe4 9. Nd2 Bb7 10. e3 Be7 11. Qg4 Bf6 12. Nc4 Kf8 13. Nd6 h5 14. Nxb7 hxg4 15.
Nxd8 Bxd8 16. g3 Nc6 17. Ba6 Be7 18. O-O-O cxd4 19. exd4 Rh5 20. Be2 Ra5 21.
Kb1 f5 22. b4 Rd5 23. Bc4 Rd6 24. Bxd6 Bxd6 25. Ba6 Ke7 26. Rde1 Rb8 27. a4 Kf6
28. Kc2 Bxb4 29. Rb1 Ba5 30. Bb5 Ne7 31. Bxd7 Rd8 32. Bb5 Nd5 33. Rb3 Rc8 34.
Rc1 Rxc3+ 35. Rxc3 Bxc3 36. Kd3 Bb2 37. Rc8 Ba3 38. Kc4 Bb4 39. Bc6 Be1 40.
Bxd5 exd5+ 41. Kxd5 Bxf2 42. Rc6+ Kf7 43. Ke5 Bxg3+ 44. Kxf5 Bxh4 45. Rc7+ Be7
46. d5 Ke8 47. Ke6 Bf6 48. Rc8+ Bd8 49. d6 1-0

[Event "4NCL/Div2b/WES1 vs. KHE"]
[Site "Hinckley Island ENG"]
[Date "2008.12.07"]
[Round "4.7"]
[White "de Coverly, Roger"]
[Black "Stevenson, James A B"]
[Result "0-1"]
[WhiteElo "2062"]
[BlackElo "2073"]
[PlyCount "30"]
[EventDate "2008.12.07"]
[SourceDate "2008.10.04"]

1. Nf3 c5 2. g3 Nc6 3. Bg2 g6 4. O-O Bg7 5. c4 e6 6. Nc3 Nge7 7. d4 cxd4 8. Nb5
d5 9. cxd5 Nxd5 10. Nbxd4 Nxd4 11. Nxd4 O-O 12. e4 Nb6 13. Nb5 Bd7 14. Qe2 Bc6
15. Rd1 Bxb5 0-1

[Event "4NCL/Div2b/WES1 vs. KHE"]
[Site "Hinckley Island ENG"]
[Date "2008.12.07"]
[Round "4.8"]
[White "Haria, Ravi"]
[Black "Moore, Gillian A"]
[Result "1/2-1/2"]
[WhiteElo "1794"]
[BlackElo "1976"]
[PlyCount "105"]
[EventDate "2008.12.07"]
[SourceDate "2008.10.04"]

1. e4 Nf6 2. e5 Nd5 3. d4 d6 4. Nf3 dxe5 5. dxe5 Bg4 6. Bc4 e6 7. O-O Be7 8.
Nbd2 O-O 9. Re1 c6 10. Nf1 Nb6 11. Bd3 N8d7 12. Ng3 Qc7 13. Bf4 g5 14. Qe2 Nc5
15. Bd2 Nxd3 16. cxd3 Rad8 17. h3 Bxf3 18. Qxf3 Qd7 19. Qg4 Qxd3 20. Bxg5 Bxg5
21. Qxg5+ Qg6 22. Qxg6+ hxg6 23. Ne4 Nc4 24. f4 Rd3 25. b3 Ne3 26. Nf2 Rc3 27.
Nd1 Nxd1 28. Raxd1 Rc5 29. Rd7 Rb8 30. Re2 a6 31. Kf2 Kf8 32. Ke3 Ke8 33. Red2
Rd5 34. R2xd5 cxd5 35. Rc7 b6 36. Kd4 a5 37. g3 a4 38. b4 a3 39. Rc3 Ra8 40.
Rc6 Rb8 41. Kc3 Kd7 42. b5 Rh8 43. h4 Rc8 44. Rxc8 Kxc8 45. Kb3 Kd7 46. Kxa3
Ke7 47. Kb4 f6 48. a4 f5 49. a5 bxa5+ 50. Kxa5 Kd7 51. Kb4 Kc7 52. Kc5 Kb7 53.
Kd4 1/2-1/2

[Event "4NCL/Div2b/CHEDP vs. GUI3"]
[Site "Hinckley Island ENG"]
[Date "2008.12.07"]
[Round "4.1"]
[White "Grooten, Herman"]
[Black "Muir, Andrew J"]
[Result "0-1"]
[WhiteElo "2376"]
[BlackElo "2359"]
[PlyCount "186"]
[EventDate "2008.12.07"]
[SourceDate "2008.10.04"]

1. d4 d5 2. c4 e6 3. Nf3 Nf6 4. Nc3 c6 5. e3 Nbd7 6. Qc2 Bd6 7. Be2 O-O 8. O-O
dxc4 9. Bxc4 b5 10. Be2 Bb7 11. Rd1 Qc7 12. Bd2 a6 13. b4 e5 14. Rac1 Rfe8 15.
h3 h6 16. Nh4 exd4 17. exd4 Nb6 18. Nf5 Bh2+ 19. Kh1 Bf4 20. Bd3 Rad8 21. Ne2
Nbd5 22. Nxf4 Nxf4 23. Bf1 Ne4 24. Be1 c5 25. bxc5 Nxh3 26. f3 Qf4 27. Bd3 Qxf5
28. fxe4 Bxe4 29. Bxe4 Rxe4 30. Bg3 Nf4 31. Bxf4 Qxf4 32. c6 Rd5 33. Rd3 Re3
34. Rxe3 Qxe3 35. g4 Rxd4 36. c7 Qh3+ 37. Qh2 Qf3+ 38. Qg2 Rd1+ 39. Rxd1 Qxd1+
40. Kh2 Qd6+ 41. Qg3 Qc5 42. Kg2 Kf8 43. Qa3 Qxa3 44. c8=Q+ Ke7 45. Qc7+ Ke6
46. Qc8+ Kd5 47. Qd7+ Ke5 48. Qxf7 Qb2+ 49. Kg3 Qc3+ 50. Kg2 Qd2+ 51. Kg3 Qe3+
52. Kg2 Qg5 53. Qc7+ Kd5 54. Kf3 Qf6+ 55. Kg2 Ke4 56. Qc2+ Ke5 57. Qc5+ Kf4 58.
Kh3 Qe5 59. Qb4+ Kf3 60. Qf8+ Qf4 61. Qa3+ Qe3 62. Qf8+ Ke2+ 63. Kg2 Qe4+ 64.
Kg3 Qe5+ 65. Kg2 Qd4 66. Qc8 Qd5+ 67. Kg3 Qxa2 68. Qe8+ Kd1 69. Qd7+ Qd2 70.
Qxg7 Qe3+ 71. Kg2 a5 72. Kf1 Qe2+ 73. Kg1 a4 74. Kh1 Qf3+ 75. Kh2 Qf4+ 76. Kh3
Qg5 77. Qd4+ Ke2 78. Qd6 Qd2 79. Qc6 a3 80. Qg2+ Kd1 81. Qf3+ Kc2 82. Qf7 b4
83. Qa2+ Kc3 84. Qa1+ Kc4 85. Qh1 a2 86. Kh4 a1=Q 87. Qc6+ Kb3 88. Qe6+ Kc3 89.
Qc6+ Kb2 90. Qf6+ Qc3 91. Qf2+ Ka3 92. Qa7+ Kb3 93. Qf7+ Qc4 0-1

[Event "4NCL/Div2b/CHEDP vs. GUI3"]
[Site "Hinckley Island ENG"]
[Date "2008.12.07"]
[Round "4.3"]
[White "Wallace, Paul A"]
[Black "Cooksey, Paul S"]
[Result "1/2-1/2"]
[WhiteElo "2259"]
[BlackElo "2304"]
[PlyCount "37"]
[EventDate "2008.12.07"]
[SourceDate "2008.10.04"]

1. e4 c6 2. d4 d5 3. Nc3 dxe4 4. Nxe4 Bf5 5. Ng3 Bg6 6. h4 h6 7. h5 Bh7 8. Nf3
e6 9. Bd3 Bxd3 10. Qxd3 Nf6 11. Bf4 c5 12. O-O-O Nc6 13. Ne4 cxd4 14. Nxd4 Nxd4
15. Qxd4 Qxd4 16. Rxd4 Nxe4 17. Rxe4 Bc5 18. f3 Rd8 19. Rd1 1/2-1/2

[Event "4NCL/Div2b/CHEDP vs. GUI3"]
[Site "Hinckley Island ENG"]
[Date "2008.12.07"]
[Round "4.4"]
[White "Thompson, Ian D"]
[Black "Schuurman, Petra"]
[Result "1/2-1/2"]
[WhiteElo "2272"]
[BlackElo "2324"]
[PlyCount "177"]
[EventDate "2008.12.07"]
[SourceDate "2008.10.04"]

1. c4 e5 2. g3 Nc6 3. Bg2 Nf6 4. Nf3 Bc5 5. O-O d6 6. Nc3 O-O 7. d3 a6 8. h3
Nd4 9. Ne1 c6 10. e3 Ne6 11. Nf3 Ba7 12. b3 Re8 13. Bb2 Bb8 14. e4 Ba7 15. Kh2
Nd4 16. Nxd4 Bxd4 17. Qd2 Nd7 18. Ne2 c5 19. Bxd4 cxd4 20. f4 f6 21. b4 b6 22.
a3 Nf8 23. fxe5 fxe5 24. Ng1 Bd7 25. h4 Qe7 26. Bh3 a5 27. Bf5 g6 28. Bh3 Be6
29. Bxe6+ Nxe6 30. Nh3 Ra7 31. Rf3 Rf8 32. Raf1 Rxf3 33. Rxf3 axb4 34. Qxb4 h6
35. Nf2 Kg7 36. Ng4 Ra8 37. Nxe5 Rf8 38. Nc6 Qe8 39. Rxf8 Qxf8 40. Kg2 g5 41.
hxg5 hxg5 42. Qd2 Qf6 43. Qf2 Nc5 44. Qxf6+ Kxf6 45. Nb4 g4 46. Kf2 Na4 47. Ke1
Kf7 48. Nc6 Nc5 49. Kd2 Ne6 50. e5 Ng5 51. exd6 Nf3+ 52. Ke2 Ke6 53. Nb4 Kxd6
54. Nd5 Kc5 55. Nf6 Ne5 56. Ne4+ Kc6 57. a4 Kb7 58. Nd2 Kc6 59. Nb3 Nf3 60. Kd1
Kd6 61. Nd2 Ne5 62. Kc2 Kd7 63. Ne4 Kc6 64. Nf2 Kb7 65. Ne4 Kc6 66. Nd2 Kd6 67.
Nb3 Nf3 68. Kb2 Ne5 69. Nxd4 Nxd3+ 70. Kc3 Nc5 71. Kb4 Ne4 72. Nf5+ Kc6 73. Ne3
Nf2 74. Nd5 Ne4 75. Ne7+ Kd6 76. Nf5+ Kc6 77. Nd4+ Kd6 78. Kb5 Nc3+ 79. Kxb6
Nxa4+ 80. Kb5 Nc3+ 81. Kb4 Ne4 82. Nf5+ Kc6 83. Ne3 Nxg3 84. Nxg4 Ne4 85. Ne5+
Kc7 86. Nf7 Nd2 87. c5 Ne4 88. Kb5 Nxc5 89. Kxc5 1/2-1/2

[Event "4NCL/Div2b/CHEDP vs. GUI3"]
[Site "Hinckley Island ENG"]
[Date "2008.12.07"]
[Round "4.5"]
[White "McKenna, Jason P"]
[Black "Granat, Russell G"]
[Result "1-0"]
[WhiteElo "2142"]
[BlackElo "2264"]
[PlyCount "69"]
[EventDate "2008.12.07"]
[SourceDate "2008.10.04"]

1. e4 Nc6 2. Nf3 e5 3. Bb5 a6 4. Ba4 d6 5. Bxc6+ bxc6 6. d4 exd4 7. Nxd4 Bd7 8.
O-O g6 9. Nc3 Bg7 10. Qd3 Ne7 11. f4 c5 12. Nde2 f5 13. e5 Be6 14. Qe3 Qd7 15.
Rd1 O-O 16. b3 Nc6 17. Bb2 Rad8 18. Na4 Qf7 19. c4 g5 20. exd6 cxd6 21. Bxg7
Kxg7 22. fxg5 Kg8 23. Nf4 Rfe8 24. Qg3 Qd7 25. Nh5 Qf7 26. Nf6+ Kg7 27. Nxe8+
Rxe8 28. Rxd6 Nd4 29. Qe5+ Kg8 30. Nxc5 Nc2 31. Rad1 Bxc4 32. Rd8 Bb5 33. Rxe8+
Qxe8 34. Qxe8+ Bxe8 35. Ne6 1-0

[Event "4NCL/Div2b/CHEDP vs. GUI3"]
[Site "Hinckley Island ENG"]
[Date "2008.12.07"]
[Round "4.6"]
[White "Richardson, Keith B"]
[Black "Bennett, Patrick"]
[Result "1-0"]
[WhiteElo "2194"]
[BlackElo "2101"]
[PlyCount "75"]
[EventDate "2008.12.07"]
[SourceDate "2008.10.04"]

1. c4 Nf6 2. Nc3 g6 3. g3 Bg7 4. Bg2 O-O 5. e4 d6 6. Nge2 e5 7. O-O Be6 8. d3
Nc6 9. Nd5 Nd7 10. f4 f5 11. exf5 gxf5 12. Be3 Nf6 13. Kh1 Bxd5 14. cxd5 Ne7
15. Qb3 b6 16. fxe5 Ng4 17. Bg1 Bxe5 18. d4 Bg7 19. Nf4 Rf6 20. Rae1 Rh6 21.
Re6 Ng6 22. Qd3 Qf8 23. Nh3 Rh5 24. Nf2 Nxf2+ 25. Rxf2 Qc8 26. Rxf5 Rxf5 27.
Qxf5 Qa6 28. a3 Rf8 29. Qc2 Qb5 30. b4 Rf1 31. Bxf1 Qxf1 32. Qf2 Qc4 33. Re8+
Bf8 34. Qf5 c6 35. Qe6+ Kh8 36. Qf7 Qxd5+ 37. Qxd5 cxd5 38. Rd8 1-0

[Event "4NCL/Div2b/CHEDP vs. GUI3"]
[Site "Hinckley Island ENG"]
[Date "2008.12.07"]
[Round "4.7"]
[White "Edwards, Simon"]
[Black "Jackson, Adrian"]
[Result "0-1"]
[WhiteElo "2034"]
[BlackElo "2206"]
[PlyCount "96"]
[EventDate "2008.12.07"]
[SourceDate "2008.10.04"]

1. d4 Nf6 2. c4 e6 3. Nc3 Bb4 4. Bg5 h6 5. Bxf6 Qxf6 6. Nf3 c5 7. e3 Nc6 8. Be2
O-O 9. O-O Bxc3 10. bxc3 d6 11. Nd2 Qe7 12. Rb1 b6 13. Bf3 Bb7 14. Nb3 Rac8 15.
Re1 Ba6 16. Bxc6 Rxc6 17. d5 Rc7 18. Nd2 e5 19. a4 f5 20. a5 bxa5 21. Qa4 f4
22. exf4 Rxf4 23. Rb8+ Rc8 24. Rxc8+ Bxc8 25. Qxa5 Rf8 26. Ne4 Bf5 27. Ng3 Bd3
28. Qa6 e4 29. Nxe4 Bxe4 30. f3 Rxf3 31. Rxe4 Qxe4 32. gxf3 Qe7 33. Qc8+ Kh7
34. Kf2 Qe5 35. h3 a5 36. Qd7 h5 37. Qf7 h4 38. f4 Qf6 39. Qh5+ Qh6 40. Qg4 a4
41. Ke3 a3 42. Qd1 Qg6 43. Qa1 Qg3+ 44. Ke4 Qg2+ 45. Kd3 Qxh3+ 46. Ke4 Qg2+ 47.
Kd3 Qf3+ 48. Kc2 Qe2+ 0-1

[Event "4NCL/Div2b/CHEDP vs. GUI3"]
[Site "Hinckley Island ENG"]
[Date "2008.12.07"]
[Round "4.8"]
[White "Lalic, Peter"]
[Black "Whitfield, Craig M"]
[Result "1/2-1/2"]
[WhiteElo "1905"]
[BlackElo "1927"]
[PlyCount "171"]
[EventDate "2008.12.07"]
[SourceDate "2008.10.04"]

1. d4 Nf6 2. Nf3 g6 3. g3 Bg7 4. Bg2 O-O 5. O-O d5 6. c4 c6 7. Nc3 Bf5 8. e3
Na6 9. Qa4 Nc7 10. Rd1 a6 11. Bd2 b5 12. cxb5 cxb5 13. Qb3 Re8 14. Ne5 e6 15.
Rac1 Rc8 16. f3 h5 17. Ne2 Na8 18. Nc6 Qd7 19. Ne5 Qb7 20. h3 g5 21. g4 hxg4
22. hxg4 Bh7 23. a4 Nd7 24. Nxd7 Qxd7 25. axb5 axb5 26. Rxc8 Rxc8 27. Rc1 Rxc1+
28. Nxc1 Nb6 29. Bf1 Nc4 30. Be1 Qc6 31. Na2 Qb6 32. Bf2 Bg6 33. Nc3 b4 34. Na2
Nd2 35. Qxb4 Qxb4 36. Nxb4 Nxf3+ 37. Kg2 Be4 38. Kh3 Bf8 39. Nc6 f5 40. Be2 Bd6
41. b4 Kg7 42. b5 Bc7 43. gxf5 exf5 44. Bxf3 Bxf3 45. Bg3 f4 46. exf4 gxf4 47.
b6 Bxb6 48. Bxf4 Kf6 49. Be5+ Kf5 50. Kg3 Ke4 51. Kf2 Bd1 52. Ne7 Ba4 53. Ke2
Bb5+ 54. Kd2 Ba5+ 55. Kc2 Ba4+ 56. Kb2 Bb4 57. Ng6 Kd3 58. Nf4+ Kc4 59. Bf6 Bd2
60. Ne6 Bb3 61. Nc5 Bd1 62. Be5 Bc3+ 63. Kc1 Be2 64. Ne6 Be1 65. Nf4 Bf3 66.
Kc2 Bf2 67. Kd2 Be4 68. Bf6 Bg3 69. Be5 Bh4 70. Bg7 Bd8 71. Be5 Ba5+ 72. Ke3
Bc3 73. Bf6 Bb4 74. Be5 Ba3 75. Kd2 Bb4+ 76. Ke3 Kc3 77. Ne2+ Kc2 78. Nf4 Bc3
79. Ne6 Bd2+ 80. Ke2 Bd3+ 81. Kf2 Kc3 82. Nf4 Bc4 83. Kf3 Bc1 84. Ne2+ Bxe2+
85. Kxe2 Bg5 86. Bh8 1/2-1/2